Sex-love-marriage: a handbook and guide for catholics
Saved in:
| Main Authors: | , |
|---|---|
| Format: | Bog |
| Sprog: | engelsk |
| Udgivet: |
Nueva York
Herder and Herder
1964
|
| Fag: | |
| Tags: |
Tilføj Tag
Ingen Tags, Vær først til at tagge denne postø!
|
MARC
| LEADER | 00000nam a2200000 a 4500 | ||
|---|---|---|---|
| 001 | UCX4362 | ||
| 003 | CL-VaPUC | ||
| 008 | 920421e19640000US |||||||||||||||||eng|d | ||
| 082 | 0 | 4 | |a 248.84 |b HOR |2 21 |
| 100 | |a Hornstein, Franz Xavier von |e author |9 571076 | ||
| 700 | 0 | |a Faller, A |e author |9 320516 | |
| 245 | 1 | 0 | |a Sex-love-marriage: a handbook and guide for catholics |
| 300 | |a 387 p | ||
| 942 | |c BK | ||
| 945 | |d 19920421 00:00:00 | ||
| 260 | |a Nueva York |b Herder and Herder |c 1964 | ||
| 650 | 0 | |a Sexo |9 257818 | |
| 650 | 0 | |a Amor |9 257817 | |
| 650 | 7 | |a MATRIMONIO |2 CL-VaPUC |9 320517 | |
| 650 | 0 | |a Educación para la vida familiar |9 307821 | |
| 583 | |a last modification |c 19920421 00:00:00 |k Rodrigo Vera | ||
| 999 | |c 224843 |d 224841 | ||
| 952 | |0 0 |1 0 |4 0 |6 248_840000000000000_HOR_1964 |7 0 |8 A |9 221838 |a BIBGIM |b BIBGIM |d 2019-11-15 |i 2907097 |o 248.84 HOR 1964 |p 2907097 |r 2025-01-15 |w 2019-11-15 |y BK |k SSL | ||